In memoriam Montaigne
Elmentve itt :
| Szerző: | |
|---|---|
| Adatforrás: | Philobibl |
| Forrásdokumentuma: | Pro Philosophia Füzetek 2005:41. 73-95. p. |
| Dokumentumtípus: | Cikk |
| Nyelv: | magyar |
| Kulcsszavak: | Montaigne |
| Megjelent: |
2005
|
| LEADER | 00355nab a2200121 c 4500 | ||
|---|---|---|---|
| 001 | bibPHI0029533 | ||
| 005 | 20200924122530.1 | ||
| 008 | 070118s2005 xx hun | ||
| 100 | 1 | |a Vásárhelyi Szabó László | |
| 245 | 1 | 0 | |a In memoriam Montaigne |c Vásárhelyi Szabó László |
| 260 | |c 2005 | ||
| 695 | |a Montaigne | ||
| 773 | 0 | |t Pro Philosophia Füzetek |g 2005:41. 73-95. p. | |